000 00600nam a2200181Ia 4500
008 100921s9999 xx 000 0 und d
082 _b38884
_a891.468 न 04
100 _aदेसाई शि.स.
245 _aदीपमाळ.
260 _bस्नेहवर्धन प्रकाशन,पुणे.
_c2004
300 _a100
_bजयेश एजन्सी,पुणे.
365 _b80
520 _aललित-संकीर्ण.
630 _aदीपमाळ.
650 _aललित-संकीर्ण.
730 _aदीपमाळ.
942 _cBOOK
999 _c787997
_d787994